<?xml version="1.0" encoding="UTF-8"?>
<record
    xmlns:xsi="http://www.w3.org/2001/XMLSchema-instance"
    xsi:schemaLocation="http://www.loc.gov/MARC21/slim http://www.loc.gov/standards/marcxml/schema/MARC21slim.xsd"
    xmlns="http://www.loc.gov/MARC21/slim">

  <leader>01726nam a22002057a 4500</leader>
  <controlfield tag="005">20240304154618.0</controlfield>
  <controlfield tag="008">240304b           ||||| |||| 00| 0 eng d</controlfield>
  <datafield tag="020" ind1=" " ind2=" ">
    <subfield code="a">9781032271651</subfield>
  </datafield>
  <datafield tag="040" ind1=" " ind2=" ">
    <subfield code="c">AL</subfield>
  </datafield>
  <datafield tag="041" ind1=" " ind2=" ">
    <subfield code="a">eng</subfield>
  </datafield>
  <datafield tag="082" ind1=" " ind2=" ">
    <subfield code="2">23</subfield>
    <subfield code="a">791.436</subfield>
    <subfield code="b">GRAF</subfield>
  </datafield>
  <datafield tag="100" ind1=" " ind2=" ">
    <subfield code="a">Barry Keith Grant</subfield>
    <subfield code="9">152712</subfield>
  </datafield>
  <datafield tag="245" ind1=" " ind2=" ">
    <subfield code="a">Film Genre</subfield>
    <subfield code="b">: the basics</subfield>
  </datafield>
  <datafield tag="260" ind1=" " ind2=" ">
    <subfield code="a">New York</subfield>
    <subfield code="b">Routledge</subfield>
    <subfield code="c">2024</subfield>
  </datafield>
  <datafield tag="300" ind1=" " ind2=" ">
    <subfield code="a">xi,242p.</subfield>
    <subfield code="b">PB</subfield>
    <subfield code="c">19.5x13cm.</subfield>
  </datafield>
  <datafield tag="365" ind1=" " ind2=" ">
    <subfield code="2">General</subfield>
    <subfield code="a">7739</subfield>
    <subfield code="b">&#x20B9;1632.31</subfield>
    <subfield code="c">&#x20B9;</subfield>
    <subfield code="d">&#x20B9;2092.70</subfield>
    <subfield code="e">22%</subfield>
    <subfield code="f">15-02-2024</subfield>
  </datafield>
  <datafield tag="520" ind1=" " ind2=" ">
    <subfield code="a">Offering an accessible introduction to the study of film genres and genre films, this book examines the use of genre in cinema from its beginnings to the present day.This book explains the various elements of genre, the importance of genre in popular culture, problems of definition, Hollywood and the studio system, ideology and genre, national cinema and genre, authorship and genre, and debates about representation. The book also provides an in-depth examination of four key genres: the Western, the horror film, the film musical, and the documentary film. Each chapter provides a historical overview of the genre and a summary of important critical debates, and concludes with a case study that builds on the historical and theoretical aspects already introduced and provides a model for subsequent analyses. Featured boxes throughout the text highlight specific cycles, filmmakers, and trends, and each chapter concludes with a list of suggestions for further reading.Film Genre: The Basics is an invaluable resource for those new to studying film and for anyone interested in the history and ongoing significance of film genres and genre films.</subfield>
  </datafield>
  <datafield tag="650" ind1=" " ind2=" ">
    <subfield code="2">Film</subfield>
    <subfield code="a">Public Performances</subfield>
    <subfield code="9">152713</subfield>
  </datafield>
  <datafield tag="942" ind1=" " ind2=" ">
    <subfield code="2">ddc</subfield>
    <subfield code="c">BK</subfield>
  </datafield>
  <datafield tag="999" ind1=" " ind2=" ">
    <subfield code="c">229998</subfield>
    <subfield code="d">229998</subfield>
  </datafield>
  <datafield tag="952" ind1=" " ind2=" ">
    <subfield code="0">0</subfield>
    <subfield code="1">0</subfield>
    <subfield code="2">ddc</subfield>
    <subfield code="4">0</subfield>
    <subfield code="7">0</subfield>
    <subfield code="8">MAJMC</subfield>
    <subfield code="a">SACPG</subfield>
    <subfield code="b">SACPG</subfield>
    <subfield code="d">2024-02-22</subfield>
    <subfield code="e">Biblios Book Point</subfield>
    <subfield code="g">1632.31</subfield>
    <subfield code="l">0</subfield>
    <subfield code="o">791.436 GRAF</subfield>
    <subfield code="p">PG024623</subfield>
    <subfield code="r">2024-03-04 00:00:00</subfield>
    <subfield code="v">2093.00</subfield>
    <subfield code="w">2024-03-04</subfield>
    <subfield code="y">BK</subfield>
  </datafield>
</record>
